Smart things to know about : Knowledge Management.

Bibliographic Details
Main Author: M. Koupoulush
Other Authors: Frappaolo,
Format: Book
Published: Connecticut: Capstone USA LPC Group, 1999.
Subjects:
LEADER 00468cam a2200157 7i4500
001 0000010264
005 20011128090000.0
020 0 0 |a 1841120413  
090 0 0 |a B 658.403821   |b SMA 
100 1 0 |a M. Koupoulush  
245 1 0 |a Smart things to know about :   |b Knowledge Management. 
260 0 0 |a Connecticut:   |b Capstone USA LPC Group,   |c 1999. 
300 # # |a 222 p. 
650 0 0 |a Knowledge management  
700 1 1 |a Frappaolo,   |h Carl  
999 |a 0000012838  |b Book  |c Book  |e Business Information Centre